Exprovement (Record no. 355415)

MARC details
000 -LEADER
fixed length control field 00504nam a2200169Ia 4500
008 - FIXED-LENGTH DATA ELEMENTS--GENERAL INFORMATION
fixed length control field 230720s9999 xx 000 0 und d
020 ## - INTERNATIONAL STANDARD BOOK NUMBER
International Standard Book Number 9780670097234
041 ## - LANGUAGE CODE
Language code of text/sound track or separate title eng
082 ## - DEWEY DECIMAL CLASSIFICATION NUMBER
Classification number 658.4
Item number HAL
100 ## - MAIN ENTRY--PERSONAL NAME
Personal name Haladker H.
9 (RLIN) 204223
245 ## - TITLE STATEMENT
Title Exprovement
Remainder of title Exponential Improvement Through Coverging Parallels
260 ## - PUBLICATION, DISTRIBUTION, ETC. (IMPRINT)
Date of publication, distribution, etc. 2023
Name of publisher, distributor, etc. Penguin Business
300 ## - PHYSICAL DESCRIPTION
Extent 246
365 ## - TRADE PRICE
Currency code Rs.
Price amount 799
700 ## - ADDED ENTRY--PERSONAL NAME
Personal name Haladker H. & Mashelkar R.
9 (RLIN) 204224
906 ## - LOCAL DATA ELEMENT F, LDF (RLIN)
d O:0800327-May-2023B:40624-May-2023
c GENRL
b 159.8
Holdings
Withdrawn status Lost status Damaged status Not for loan Home library Current library Date acquired Vendor Budget Code Cost, normal purchase price Bill number Total Checkouts Full call number Barcode Date last seen Date last checked out Discount Cost, replacement price Bill Date Koha item type Original Barcode Source of classification or shelving scheme
        Cummins College of Engineering for Women Pune Cummins College of Engineering for Women Pune 27/05/2023 Om Book Stall GENRL 639.20 406 1 658.4 CCEP-BK-65124 19/07/2025 12/11/2024 159.8 799.00 24/05/2023 Books 065124  
        Cummins College of Engineering for Women Pune Cummins College of Engineering for Women Pune 27/11/2024 147   599.25     658.4 HAL CCEP-BK-67692 27/11/2024     799.00 27/11/2024 Books   Dewey Decimal Classification
        Cummins College of Engineering for Women Pune Cummins College of Engineering for Women Pune 27/11/2024 147   599.25     658.4 HAL CCEP-BK-67690 27/11/2024     799.00 27/11/2024 Books   Dewey Decimal Classification
        Cummins College of Engineering for Women Pune Cummins College of Engineering for Women Pune 27/11/2024 147   599.25   1 658.4 HAL CCEP-BK-67693 16/12/2024 11/12/2024   799.00 27/11/2024 Books   Dewey Decimal Classification
        Cummins College of Engineering for Women Pune Cummins College of Engineering for Women Pune 27/11/2024 147   599.25     658.4 HAL CCEP-BK-67691 27/11/2024     799.00 27/11/2024 Books   Dewey Decimal Classification